000 00645nam a2200181Ia 4500
008 100921s9999 xx 000 0 und d
082 _b41246
_a891.463 न 06
100 _aराजे नयना.
245 _aअनोख्या वाटा.
260 _bपारस प्रकाशन,कोल्हापूर.
_c2006
300 _a224
_bजयेश एजन्सी,पुणे.
365 _b220
520 _aललित-कादंबरी.
630 _aअनोख्या वाटा.
650 _aललित-कादंबरी.
730 _aअनोख्या वाटा.
942 _cBOOK
999 _c790359
_d790356